Geography Quiz

Random Geography or State Quiz

Ultimate Geography Challenge 'L' Quiz Stats

 Plays Quiz Updated Dec 31, 2015

Challenge
Share
Tweet
Embed
Score 0/24 Timer 04:00
3 Plays Today
% Correct
Louisiana
93.9%
Lithuania
88%
Latvia
87.9%
Laos
85%
Luxembourg
81.8%
Luxembourg
81.8%
Liberia
79.7%
Libya
78.9%
Liechtenstein
77.1%
Lesotho
72.9%
Lebanon
72.3%
London
71%
% Correct
Lisbon
60.4%
Lima
59.1%
Lansing
53.5%
Lincoln
53.5%
Little Rock
48.1%
Luanda
42.4%
Lusaka
37.4%
Lomé
35.3%
La Paz
34.9%
Ljubljana
33.3%
Lilongwe
32.8%
Libreville
27.9%

You're not logged in!

Compare scores with friends on all Sporcle quizzes.
Join for Free
OR
Log In

You Might Also Like...

Show Comments

Extras

Top Quizzes Today


Score Distribution

Your Account Isn't Verified!

In order to create a playlist on Sporcle, you need to verify the email address you used during registration. Go to your Sporcle Settings to finish the process.

Report this User

Report this user for behavior that violates our Community Guidelines.

Details: